000 00590nam a2200193Ia 4500
005 20250923145103.0
008 008 250917s9999 xx 000 0 eng d
037 _aTextual
040 _aDSWL
_beng
_cDSWL
041 _aeng
_2eng
084 _aT:3,44(YX)p2.N5, N65
_qDSWL
245 0 _aSeminar on field work in social work education
_cby A.S.S.W.I.
260 _aA.P
_bDept. of sociology & s.w. Andhra unit wattair
_c1964
300 _avii,ix,137 p.
365 _aINR
_b5
925 _g5
942 _cTEXL
_hT:3,44(YX)p2.N5, N65
999 _c1446929
_d1446929